| 000 | 00625nam a2200241 a 4500 | ||
|---|---|---|---|
| 999 |
_c5280 _d5280 |
||
| 001 | 5280 | ||
| 003 | BD-JhCC | ||
| 005 | 20171220124513.0 | ||
| 008 | 171211s19772006si |||| || | 000 0 eng d | ||
| 020 | _a0195846664 | ||
| 035 | _a(BD-JhCC)5280 | ||
| 040 |
_aBD-JhCC _dBD-JhCC |
||
| 041 | _aeng | ||
| 082 |
_a380.1 _bKIM 2006 |
||
| 100 | _aKim, Tan Sai | ||
| 245 |
_aModern Certificate Guides Certificate Commerce / _cTan Sai Kim, Betsy Li |
||
| 260 |
_aSingapore : _bOxford University Press, _c2006. |
||
| 300 |
_a169 p. : _c23 cm. |
||
| 650 | _aCommerce | ||
| 700 | _aLi, Betsy | ||
| 942 |
_2ddc _cBK |
||